2666 / (Record no. 2569)

MARC details
000 -LEADER
fixed length control field 01210cam a2200325 a 4500
005 - DATE AND TIME OF LATEST TRANSACTION
control field 20240103090920.0
020 ## - INTERNATIONAL STANDARD BOOK NUMBER
International Standard Book Number 9780374531553 (pbk. : alk. paper)
020 ## - INTERNATIONAL STANDARD BOOK NUMBER
International Standard Book Number 0374531552 (pbk. : alk. paper)
020 ## - INTERNATIONAL STANDARD BOOK NUMBER
International Standard Book Number 9780374100148 (alk. paper)
020 ## - INTERNATIONAL STANDARD BOOK NUMBER
International Standard Book Number 9780330447430
020 ## - INTERNATIONAL STANDARD BOOK NUMBER
International Standard Book Number 0374100144 (alk. paper)
040 ## - CATALOGING SOURCE
Original cataloging agency DLC
Transcribing agency DLC
Modifying agency DLC
Language of cataloging eng
050 00 - LIBRARY OF CONGRESS CALL NUMBER
Classification number PQ8098.12.O38
Item number A12213 2008
082 00 - DEWEY DECIMAL CLASSIFICATION NUMBER
Classification number 863/.64
Edition number 22
100 1# - MAIN ENTRY--PERSONAL NAME
Personal name Bolaño, Roberto
Dates associated with a name 1953-2003
245 10 - TITLE STATEMENT
Title 2666 /
Statement of responsibility, etc. Roberto Bolaño ; translated from the Spanish by Natasha Wimmer.
246 3# - VARYING FORM OF TITLE
Title proper/short title Two thousand six hundred sixty six
250 ## - EDITION STATEMENT
Edition statement First published in Great Britian by Picard
260 ## - PUBLICATION, DISTRIBUTION, ETC.
Place of publication, distribution, etc. London :
Name of publisher, distributor, etc. Picard,
Date of publication, distribution, etc. 2009
300 ## - PHYSICAL DESCRIPTION
Extent 898 pages :
Dimensions 20 cm
505 ## - FORMATTED CONTENTS NOTE
Formatted contents note T
520 ## - SUMMARY, ETC.
Summary, etc. An American sportswriter, an elusive German novelist, and a teenage student interact in an urban community on the U.S.-Mexico border where hundreds of young factory workers have disappeared.
521 ## - TARGET AUDIENCE NOTE
Target audience note 900
Source Lexile estimate
521 ## - TARGET AUDIENCE NOTE
Target audience note T
Source Raz-Plus
650 #0 - SUBJECT ADDED ENTRY--TOPICAL TERM
Topical term or geographic name entry element Women
General subdivision Crimes against
Geographic subdivision Mexico
Form subdivision Fiction.
700 1# - ADDED ENTRY--PERSONAL NAME
Personal name Wimmer, Natasha
Relator term Translator
906 ## - LOCAL DATA ELEMENT F, LDF (RLIN)
a 7
b cbc
c orignew
d 1
e ecip
f 20
g y-gencatlg
942 ## - ADDED ENTRY ELEMENTS (KOHA)
Source of classification or shelving scheme Dewey Decimal Classification
Koha item type Books
Suppress in OPAC No
999 ## -
-- 2569
-- 2569
Holdings
Withdrawn status Lost status Source of classification or shelving scheme Damaged status Not for loan Collection Home library Current library Shelving location Date acquired Total Checkouts Full call number Barcode Date last seen Price effective from Koha item type
    Dewey Decimal Classification     Fiction Footprints International School Library Network Toul Kork Campus Footprints International School Library Network Toul Kork Campus   01/02/2024   BOL 863/.64 PQ8098.12.O38 FISSE03231 01/02/2024 01/02/2024 Books